Score 0/18 Timer 03:00
0 Plays Today
Hint Answer % Correct
Just _____ Me a ReasonGive
96.1%
Blurred _____Lines
91.5%
_____ & Get ItCome
85.2%
Suit & _____Tie
84.9%
We Can't _____Stop
82%
I _____ Your LoveNeed
76.8%
_____ ShopThrift
72.5%
I Knew You Were _____Trouble
67.5%
Up in the _____Air
66.2%
Hint Answer % Correct
_____ AttackHeart
64.5%
_____ Out of HeavenLocked
58.5%
Get _____Lucky
58.2%
I Will _____Wait
53.3%
Can't _____ UsHold
52.6%
_____ OnCarry
44.7%
Feel This _____Moment
35.8%
_____ HouseLego
33.5%
_____ Pools (Drank)Swimming
26.3%

Today's Daily Dose

Missing Word
Marvin Gaye Songs

Quick Pick
Movies of 2019

Get the Picture
Chinese Cities

You're not logged in!

Compare scores with friends on all Sporcle quizzes.
OR
Log In

Sporcle TV

Today on Sporcle TV


Watch our educational content, quiz creation guides, and fun videos on Sporcle TV.

Show Comments

Extras

Top Quizzes Today


Score Distribution

Your Account Isn't Verified!

In order to create a playlist on Sporcle, you need to verify the email address you used during registration. Go to your Sporcle Settings to finish the process.

Report this User

Report this user for behavior that violates our Community Guidelines.

Details: